000 00670nam a2200253Ia 4500
001 Para_7544
003 CHAP
008 220125s1980 xx 000 0 und d
010 _a206471
040 _cCHAP
082 _aPA 632.65182 D7
100 _aDropkin, Victor H.
_9165998
245 _aIntroduction to plant nematology /
_c by Victor H. Dropkin
260 _aNew York :
_b John Wiley
300 _a293 p.
650 _aNemátodos parásitos de plantas
_980835
901 _aPA 632.65182 D7
902 _aA
905 _a0000001980 0000000000 00
910 _a1980
942 _cPARA
942 _cPARA
_d1
999 _c206471
_d206471